000 00353 a2200109 4500
001 ART_37819
005 20260410161701.0
008 260409a
245 1 0 _aAmbigüedad, aversión por la ambigüedad y reservas de valor en Argentina
100 1 _aCorso, Eduardo Ariel
773 0 _tEnsayos Económicos
_g- Nº 73 (dic. 2015)
_wREV620
999 _c15216
_d15216